02446cam a2200277 i 4500001001000000003000600010005001700016008004100033010001500074020001800089020001500107035002100122040004200143042000800185082001600193100003500209245009400244264004800338300002900386504004000415520157700455650005702032650002902089650002602118650002402144953576404OCoLC20241126110714.0160613s2016 ncu b 000 0 eng  a2016025520 a9781942572671 a1942572670 a(OCoLC)953576404 aDLCbengerdacDLCdOCLCFdOCLCQdSGB apcc a253.52bPIE1 aPierre, Jeremy,d1979-eauthor14aThe dynamic heart in daily life :bconnecting Christ to human experience /cJeremy Pierre 1aGreensboro, NC :bNew Growth Press,c[2016] axiii, 255 pages ;c23 cm aIncludes bibliographical references aOur approach to counseling and personal ministry is often lopsided--we treat people as minds to be taught or problems to be fixed, moving too quickly toward applying biblical solutions without taking the time to love people well and understand their experiences and hurts. The Dynamic Heart in Daily Life provides a comprehensive view of how the heart works and how Christ redeems it. Pierre's faith-centered understanding of people combines with a Word-centered methodology to give readers a practical way to help others better understand their tough experiences and who they are in light of who Jesus is. Pierre guides readers through four key activities -- reading, reflecting, relating, and renewing -- that will consistently position them to understand everyday human experiences in light of Scripture. Pierre exposes the false dichotomy between the spiritual and seemingly unspiritual parts of the human experience, showing how every thought, feeling, and choice actually expresses the spiritual activity of the heart. He shows how faith in Christ is the means by which the heart begins to respond differently. Faith is not only the entry point for heart change, but also an expression of our everyday, ongoing need for Christ. Pierre's holistic view of counseling -- forged by his experiences as a counselor, pastor, and seminary professor -- equips readers to understand how everyday beliefs, desires, and commitments shape how we respond to life's biggest struggles and how an active relationship of trust in God is the foundation for lifelong change. - Publisher 0aChange (Psychology)xReligious aspectsxChristianity 0aChristianityxPsychology 0aExperience (Religion) 0aPastoral counseling